00539nam a2200193 a 4500001001300000003000900013005001700022008004100039020002300080082001500103100002700118245004400145260002500189300000900214500003500223505004700258650001300305700002700318nice12345678IN_TiNIC20260116013259.0050524s2000 dela grp 000 0 eng  a8172148 c22500a266.2bJEG aJeganathan, Milton W S aMission Paradigm in the New Millennium. aDelhi bISPCK c2000 a417p aincludes index and biblioraphy2 aStudy on Missiology an Indian Perspective. aMissions1 aJeganathan, Milton W S